Statistics for NFL Top Ten Rushing Yards 2010s

Click here to take the quiz!

General Stats

  • This quiz has been taken 1,094 times
    (1,016 since last reset)
  • The average score is 71 of 100

Answer Stats

TeamPlayer% Correct
TEN - 1059 | TEN - 1540Derrick Henry
99%
DAL - 1357 | DAL - 1434 | DAL - 1631 | DAL - 983Ezekiel Elliott
98%
CLE - 1494 | CLE - 996Nick Chubb
97%
CAR - 1098 | CAR - 1387Christian McCaffrey
94%
CIN - 1137 | CIN - 1168Joe Mixon
92%
NYG - 1307Saquon Barkley
92%
OAK - 1150Josh Jacobs
91%
MIN - 1266 | MIN - 1298 | MIN - 1485 | +2 othersAdrian Peterson
90%
MIN - 1135Dalvin Cook
90%
LAR - 1251 | LAR - 1305 | STL - 1106Todd Gurley
90%
PIT - 1268 | PIT - 1291 | PIT - 1361Le'Veon Bell
89%
SEA - 1204 | SEA - 1257 | SEA - 1306 | SEA - 1590Marshawn Lynch
88%
BAL - 1206Lamar Jackson
85%
BUF - 1138 | BUF - 1267 | PHI - 1309 | +2 othersLeSean McCoy
85%
SEA - 1151 | SEA - 1230Chris Carson
84%
STL - 1145 | STL - 1241Steven Jackson
84%
TEN - 1243 | TEN - 1364Chris Johnson
81%
ARI - 1239David Johnson
81%
DAL - 1121 | DAL - 1845 | TEN - 1287DeMarco Murray
77%
KAN -1327Kareem Hunt
77%
OAK - 1066Latavius Murray
77%
KAN - 1287 | KAN - 1467 | KAN - 1509Jamaal Charles
76%
NOR - 1124Mark Ingram
76%
JAX - 1040 | JAX - 1152Leonard Fournette
75%
IND - 967 | SFO - 1106 | SFO - 1128 | +2 othersFrank Gore
73%
LAC - 1105Melvin Gordon
72%
HOU - 1224 | HOU - 1246 | HOU - 1424 | HOU - 1616Arian Foster
67%
CHI - 1339Matt Forte
66%
JAX - 1324Maurice Jones-Drew
65%
BAL - 1220 | BAL - 1364Ray Rice
63%
ATL - 1056 | ATL - 1079Devonta Freeman
62%
NWE - 1161LeGarrette Blount
62%
GNB - 1139 | GNB - 1178Eddie Lacy
61%
TAM - 1402 | TAM - 1454Doug Martin
58%
JAX - 1606Maurice Jones-Drew
57%
DEN - 1037Philip Lindsay
56%
PIT - 907DeAngelo Williams
55%
MIA - 1272Jay Ajayi
54%
CAR - 989Jonathan Stewart
51%
WAS - 1275 | WAS - 1613Alfred Morris
50%
CHI - 1122 | CHI - 1313Jordan Howard
50%
DEN - 1007C.J. Anderson
41%
HOU - 1073 | MIA - 1099Lamar Miller
38%
ATL - 1340 | ATL - 1371Michael Turner
38%
CIN - 1124Jeremy Hill
37%
NYJ - 1070Chris Ivory
31%
DAL - 1089Darren McFadden
31%
NYG - 1235Ahmad Bradshaw
30%
SDG - 1091 | SDG - 1255Ryan Mathews
30%
BAL - 1266Justin Forsett
28%
BUF - 1244C.J. Spiller
26%
PIT - 1273Rashard Mendenhall
26%
NWE - 1263Stevan Ridley
21%
DEN - 1199Willis McGahee
16%

Score Distribution

Percentile by Number Answered

Percent of People with Each Score

Your Score History

You have not taken this quiz since the last reset